[Event "Assiut op 5th"]
[Site "Assiut"]
[Date "2009.08.06"]
[Round "3"]
[White "Farahat, Ali"]
[Black "Sadek, Taha"]
[Result "1-0"]
[WhiteElo "2397"]
[BlackElo "2016"]
[PlyCount "45"]
[EventDate "2009.08.04"]
[EventType "swiss"]
[EventRounds "9"]
[EventCountry "EGY"]
[SourceTitle "EXT 2010"]
[Source "ChessBase"]
[SourceDate "2010.11.25"]
[SourceVersion "1"]
[SourceVersionDate "2010.11.25"]
[SourceQuality "1"]

1. d4 Nf6 2. Nf3 e6 3. c4 c6 4. Nc3 d5 5. e3 a6 6. Bd3 b5 7. b3 Bb4 8. Bd2 Nbd7 9. 0-0 h6 10. cxb5 Qa5 11. bxc6 Nb8 12. Qc2 Qc7 13. Nb5 axb5 14. Bxb4 Na6 15. Bd2 Rb8 16. a4 b4 17. Ne5 0-0 18. Rac1 Ne8 19. Qd1 Qd6 20. f4 f5 21. g4 Nac7 22. g5 Qe7 23. Qh5 1-0